000
00302nam a2200133Ia 4500
100
_a
Hayness/ Colin
942
_c
BK
654
_a
Computer books
245
_a
Computer Virus Protection hd. book
260
_b
B.P.B. Pub
_a
New Delhi
_c
1990
082
_a
621.3819502
546
_a
ENGLISH
999
_c
25790
_d
25790